000
00328nam a2200145Ia 4500
008
230718s9999 xx 000 0 und d
041
_a
Eng.
082
_a
288.93
_b
KAZ-Y
100
_a
Kazi Ahmad Kazi
245
0
_a
yha Gujrawala ha
260
_a
Pakistan
_b
Khadim press
_c
2016
300
_a
317
650
_a
Law
999
_c
31596
_d
31596